Red in the Answers - Statistics

General Stats
  • This quiz has been taken 181,592 times
    80,100 since last reset
  • The average score is 14 of 22
Answer Stats
Clue Answer % Correct
What VIPs walk down Red carpet
97%
It lies between Africa and Saudi Arabia Red Sea
92%
World's best-selling energy drink Red Bull
91%
Body part possessed by Rudolph Red nose
89%
Results in ejection from a soccer match Red card
87%
Red-colored chocolate cake Red velvet
83%
District of Amsterdam Red Light
79%
Boston sports team Red Sox
78%
Plaza near the Kremlin Red Square
68%
A fish that takes you in the wrong direction? Red herring
64%
British troops during the American Revolution Redcoats
60%
Unnecessary bureaucracy Red tape
58%
Tom Clancy book: "The Hunt for ___ ________" Red October
57%
Type of star Red dwarf
56%
Late-night flight Red-eye
56%
German WWI ace Red Baron
53%
Type of star Red giant
51%
Backwards word that appears in the movie "The Shining" Redrum
50%
Band who performed "Under the Bridge" Red Hot Chili Peppers
45%
Islamic version of the Red Cross Red Crescent
40%
Most common name of British pubs Red Lion
36%
Algal bloom Red tide
18%
No matching quizzes found
Score Distribution
Percent of People with Each Score
Percentile by Number Answered
Your Score History
You have not taken this quiz since the last reset